000 01065nam0a22003011 4500
001 RU\NLR\INFOCOMM_190\5000063328
005 20250613094659.0
035 _a(NLR Aleph) 009269971
090 _a9095915
_c9095915
100 _a20100828d1973 |||y0rusy50 ca
101 0 _aeng
102 _aRU
105 _aa ||||000|y
200 1 _aˆThe ‰pion factor with generalized ρ-dominance
_fS. Dubnička, V. A. Meshcheryakov
210 _aДубна
_d1973
215 _a21 с.
_cил.
_d22 см
225 1 _aˆ[‰Издания]
_fОбъедин. ин-т ядерных исследований. Лаб. теорет. физики
_vЕ2-7508
320 _aБиблиогр.: с. 19-21
606 _aПионы (физ.)
_xФормфактор
_2nlr_sh1
686 _aВ382.222
_2rubbk
700 1 _aDubnička
_bS.
_gStanislav
_4070
701 1 _9z01790
_aMeščerjakov
_bV. A.
_gVladimir Alekseevič
_4070
790 1 _9z01701
_aMeshcheryakov
_bV. A.
_4070
801 1 _aRU
_bNLR
_c20100828
801 0 _aRU
_bNLR
_gPSBO
852 _aNLR
_jП-11/2061
942 _cBOOK
980 _aNB